ANALYSIS OF STUDENTS POTENTION IN STUDY DEPARTMENT "MANUFACTURING SYSTEMS WITH INDUSTRIAL ROBOTS AND MANIPULATORS"

Bibliographic Details
Main Authors: Góts, Ivan, 1938-2002 (Author), Šidlovská, Ľuboslava (Author)
Format: Article
Language:Slovak
ISBN:8070994533

MARC

LEADER 00000naa a2200000uu 4500
001 vtls010932091
003 SK-MaSNL
005 20260302122352.0
008 210910|1999 xo |||||||||||||||||slo|
015 |a SNBRA 
035 |a (urnnbn)urn:nbn:sk:snk:ar-a0b4nc 
035 |a (uuid)c33ec2ac-cb50-4d60-b5c0-8b01d3cdf636 
035 |a urn:nbn:sk:snk-aatx4v 
040 |a SNKBUCL  |b slo  |c SNKBUCL  |e AACR2 
041 0 |a slo 
044 |a xo  |c SK 
100 1 |a Góts, Ivan,  |d 1938-2002  |4 aut  |9 188916 
245 1 0 |a ANALYSIS OF STUDENTS POTENTION IN STUDY DEPARTMENT "MANUFACTURING SYSTEMS WITH INDUSTRIAL ROBOTS AND MANIPULATORS"  |c Ivan Góts, Ľuboslava Šidlovská 
246 3 |a ANALÝZA ŠTUDENTSKÉHO POTENCIÁLU V ŠTUDIJNOM ODBORE VÝROBNÉ SYSTÉMY S PRIEMYSELNÝMI ROBOTMI A MANIPULÁTORMI 
700 1 |a Šidlovská, Ľuboslava  |4 aut  |9 784564 
773 0 |t ROBTEP '99  |d V Košiciach : Technická univerzita, 1999  |g S. 315-318  |z 8070994533 
958 |a OND 
958 |a article11 
958 |a chapter 
999 |c 1277608  |d 1279538